000 00583cam a2200181 a 4500
001 1670633
005 20250605105936.0
008 980513s1998 kyu b 001 0 eng
020 _a0664257038 (pbk. : alk. paper)
050 0 0 _aBT303.2
_b.P68 1998
082 0 0 _a232.9/08
_221
100 1 _aPowell, Mark Allan,
_d1953-
245 1 0 _aJesus as a figure in history :
_bhow modern historians view the man from Galilee /
_cMark Allan Powell.
250 _a1st ed.
260 _aLouisville, Ky. :
_bWestminster John Knox Press,
_cc1998.
300 _a238 p. ;
_c23 cm.
942 _2lcc
_cBK
_n0
999 _c6298
_d6298